Evaluación de la eficacia del consejo orientador
Sábháilte in:
| Príomhchruthaitheoir: | |
|---|---|
| Formáid: | LEABHAR |
| Teanga: | Spáinnis |
| Foilsithe / Cruthaithe: |
Madrid
Cincel
1989
|
| Sraith: | Biblioteca de Psicología y Educación, 11
|
| Ábhair: | |
| Clibeanna: |
Cuir clib leis
Níl clibeanna ann, Bí ar an gcéad duine le clib a chur leis an taifead seo!
|
MARC
| LEADER | 00000nam a2200000 a 4500 | ||
|---|---|---|---|
| 001 | UCL0895 | ||
| 003 | CL-VaPUC | ||
| 008 | 030825e19890000SP |||||||||||||||||spa|d | ||
| 020 | |a 847046471X | ||
| 082 | 0 | 4 | |a 371.4 |b CAS |2 21 |
| 100 | 0 | |a Castillo Arredondo, Santiago |e author |9 477637 | |
| 245 | 1 | 0 | |a Evaluación de la eficacia del consejo orientador |
| 300 | |a 224 p | ||
| 942 | |c BK | ||
| 945 | |d 20030825 00:00:00 |a cmena | ||
| 260 | |a Madrid |b Cincel |c 1989 | ||
| 650 | 7 | |a ORIENTACION EDUCACIONAL |2 CL-VaPUC |9 312512 | |
| 650 | 0 | |a Vocación |9 328817 | |
| 650 | 0 | |a Evaluación docente |9 382859 | |
| 583 | |a last modification |c 20030825 00:00:00 |k Rodrigo Vera | ||
| 490 | 0 | |a Biblioteca de Psicología y Educación, 11 | |
| 999 | |c 304620 |d 304618 | ||
| 952 | |0 0 |1 0 |4 0 |6 371_400000000000000_CAS_1989 |7 0 |8 A |9 367134 |a BIBEDU |b BIBEDU |d 2019-11-21 |i 3932788 |o 371.4 CAS 1989 |p 3932788 |r 2019-11-21 |w 2019-11-21 |y BK |k EPE | ||
| 952 | |0 0 |1 0 |4 0 |6 371_400000000000000_CAS_1989 |7 0 |8 A |9 367135 |a BIBEDU |b BIBEDU |d 2019-11-21 |i 403130K |o 371.4 CAS 1989 |p 403130K |r 2019-11-21 |w 2019-11-21 |y BK |k EBA | ||